[Event "AUT-chT2M 1314"]
[Site "Austria"]
[Date "2014.03.22"]
[Round "7.6"]
[White "Obermayr, Hermann"]
[Black "Oberberger, Guenther"]
[Result "1/2-1/2"]
[WhiteElo "2182"]
[BlackElo "1850"]
[PlyCount "83"]
[EventDate "2013.10.04"]
[EventType "team-tourn"]
[EventRounds "11"]
[EventCountry "AUT"]
[SourceTitle "EXT 2015"]
[Source "ChessBase"]
[SourceDate "2014.11.20"]
[SourceVersion "1"]
[SourceVersionDate "2014.11.20"]
[SourceQuality "1"]
[WhiteTeam "Grieskirchen/Sedda"]
[BlackTeam "Feffernitz"]
[WhiteTeamCountry "AUT"]
[BlackTeamCountry "AUT"]

1. d4 d5 2. c4 c6 3. Nf3 e6 4. Qc2 Nf6 5. Bf4 Be7 6. e3 Nbd7 7. Nc3 Qa5 8. Nd2 0-0 9. Bd3 Re8 10. 0-0 Bf8 11. cxd5 exd5 12. a3 g6 13. b4 Qd8 14. Bg5 Be7 15. Rfe1 Kg7 16. f3 Nh5 17. Bxe7 Rxe7 18. b5 Nhf6 19. bxc6 bxc6 20. Na4 Bb7 21. Rab1 Rb8 22. Qc3 Kg8 23. Rb4 Ba8 24. Nf1 Rxb4 25. Qxb4 Nb6 26. Nc5 Nfd7 27. Qa5 Qc7 28. Rb1 Nf6 29. Qb4 Bb7 30. a4 Bc8 31. a5 Nbd7 32. Na4 Re8 33. Rc1 Re6 34. Qc3 Qb8 35. f4 Ne4 36. Bxe4 dxe4 37. d5 Rd6 38. dxc6 Nf6 39. Qe5 Qb4 40. c7 Re6 41. Qd4 Qxd4 42. exd4 1/2-1/2

[Event "AUT-chT2M 1314"]
[Site "Austria"]
[Date "2014.03.21"]
[Round "6.6"]
[White "Oberberger, Guenther"]
[Black "Forstner, Joerg"]
[Result "1/2-1/2"]
[WhiteElo "1850"]
[BlackElo "2130"]
[PlyCount "83"]
[EventDate "2013.10.04"]
[EventType "team-tourn"]
[EventRounds "11"]
[EventCountry "AUT"]
[SourceTitle "EXT 2015"]
[Source "ChessBase"]
[SourceDate "2014.11.20"]
[SourceVersion "1"]
[SourceVersionDate "2014.11.20"]
[SourceQuality "1"]
[WhiteTeam "Feffernitz"]
[BlackTeam "Steyregg"]
[WhiteTeamCountry "AUT"]
[BlackTeamCountry "AUT"]

1. d4 Nf6 2. c4 g6 3. Nf3 Bg7 4. g3 d6 5. Bg2 0-0 6. 0-0 Nbd7 7. Nc3 c6 8. Qc2 Qc7 9. e4 e5 10. dxe5 Nxe5 11. Nxe5 dxe5 12. Qe2 Rd8 13. Bg5 h6 14. Be3 Ng4 15. Bc1 Be6 16. h3 Nf6 17. Be3 Qe7 18. a3 Rac8 19. Rad1 b6 20. Kh1 Ne8 21. Nb1 Nd6 22. b3 Nb7 23. Qc2 Na5 24. Bd2 Nb7 25. Be3 Rxd1 26. Rxd1 Rd8 27. Rxd8+ Nxd8 28. Qd3 Qd7 29. Qc2 b5 30. cxb5 cxb5 31. b4 Nc6 32. Nc3 Bc4 33. Kg1 Nd4 34. Qd2 a5 35. Nd5 f5 36. Bxd4 exd4 37. Nf4 Kf7 38. exf5 Qxf5 39. Qe1 Qe5 40. Qe4 Qxe4 41. Bxe4 g5 42. Nd3 1/2-1/2

[Event "Feffernitz Raika op 16th"]
[Site "Feffernitz"]
[Date "2007.08.25"]
[Round "8"]
[White "Oberberger, Guenther"]
[Black "Kueffner, Christian"]
[Result "1/2-1/2"]
[WhiteElo "1892"]
[BlackElo "1680"]
[PlyCount "133"]
[EventDate "2007.08.19"]
[EventType "swiss"]
[EventRounds "9"]
[EventCountry "AUT"]
[SourceTitle "EXT 2008"]
[Source "ChessBase"]
[SourceDate "2007.11.25"]
[SourceVersion "1"]
[SourceVersionDate "2007.11.25"]
[SourceQuality "1"]

1. e4 e5 2. d4 exd4 3. Nf3 Bc5 4. Bc4 Nc6 5. c3 d3 6. Qxd3 d6 7. a4 a6 8. b4 Bb6 9. Bg5 Nge7 10. 0-0 f6 11. Be3 Bxe3 12. Qxe3 Ng6 13. Nd4 Nce5 14. Bb3 Bd7 15. f4 Nc6 16. Nd2 Qe7 17. Rae1 Rf8 18. Qd3 0-0-0 19. Nxc6 Bxc6 20. b5 axb5 21. axb5 Be8 22. Ra1 Bf7 23. Ra7 Rde8 24. Bd5 Bxd5 25. Qxd5 Kd7 26. Rxb7 Rc8 27. Qc6+ Kd8 28. b6 Qd7 29. Qc4 Ne7 30. Rxc7 Rxc7 31. bxc7+ Qxc7 32. Qd3 Kd7 33. Qb5+ Qc6 34. Qxc6+ Kxc6 35. Kf2 f5 36. Ke3 Kc5 37. Rb1 Re8 38. Kd3 g6 39. c4 Kc6 40. Re1 Ng8 41. Kd4 fxe4 42. Rxe4 Rf8 43. g3 Nh6 44. Nf3 Ra8 45. Re2 Nf5+ 46. Ke4 Re8+ 47. Kd3 Rxe2 48. Kxe2 d5 49. cxd5+ Kxd5 50. Nd2 Ke6 51. g4 Ng7 52. Ne4 h6 53. Kf3 Ne8 54. h3 Kf7 55. h4 Kg7 56. f5 Kf7 57. Kf4 h5 58. g5 gxf5 59. Kxf5 Ng7+ 60. Ke5 Kg6 61. Ng3 Kf7 62. Ne2 Kg6 63. Nf4+ Kf7 64. g6+ Kf8 65. Ne6+ Nxe6 66. Kxe6 Kg7 67. Kf5 1/2-1/2

[Event "Feffernitz Raika op 14th"]
[Site "Feffernitz"]
[Date "2005.08.24"]
[Round "5"]
[White "Oberberger, Guenther"]
[Black "Kock, Hans Uwe"]
[Result "0-1"]
[WhiteElo "1927"]
[BlackElo "2127"]
[PlyCount "34"]
[EventDate "2005.08.21"]
[EventType "swiss"]
[EventRounds "9"]
[EventCountry "AUT"]
[SourceTitle "CBM 108 Extra"]
[Source "ChessBase"]
[SourceDate "2005.11.04"]
[SourceVersion "1"]
[SourceVersionDate "2005.11.04"]
[SourceQuality "1"]

1. d4 Nf6 2. Nc3 d5 3. Bg5 Bf5 4. e3 Nbd7 5. Bxf6 Nxf6 6. Nf3 c6 7. Be2 e6 8. a3 Bd6 9. h3 h6 10. 0-0 0-0 11. Bd3 Re8 12. Re1 Ne4 13. Nd2 Qh4 14. Bxe4 dxe4 15. g4 Qxh3 16. gxf5 Bh2+ 17. Kh1 Bg3+ 0-1